Lịch sử thế giới cận đại
Giới thiệu lịch sử các cuộc cách mạng tư sản từ giữa thế kỷ 16 đến cuối thế kỷ 18; phong trào công nhân thế giới từ thế kỷ 19 đến đầu thế kỷ 20 và lịch sử các nước phương Tây, các nước Á, Phi, Mĩ La Tinh thời cận đại; mối quan hệ quốc tế và chiến tranh thế giới thứ nhất (1914-1918)...
Tallennettuna:
| Muut tekijät: | , , , |
|---|---|
| Aineistotyyppi: | Kirja |
| Kieli: | Vietnamese |
| Julkaistu: |
H.
Đại học Sư phạm
2011
|
| Aiheet: | |
| Tagit: |
Lisää tagi
Ei tageja, Lisää ensimmäinen tagi!
|
| Thư viện lưu trữ: | Mạng thư viện Đại học Đà Nẵng |
|---|
| LEADER | 01462aam a22003498a 4500 | ||
|---|---|---|---|
| 001 | 000016635 | ||
| 003 | 13038 | ||
| 005 | 20121127081106.0 | ||
| 008 | 121127s2011 viesd | ||
| 020 | |c 70000đ |d 1000b | ||
| 041 | 0 | 0 | |a vie |
| 082 | 1 | 4 | |2 14 |a 909 |b L302S |
| 245 | 0 | 0 | |a Lịch sử thế giới cận đại |c Phan Ngọc Liên (ch.b.), Đào Tuấn Thành, Phạm Thu Nga, Đoàn Trung |
| 260 | |a H. |b Đại học Sư phạm |c 2011 | ||
| 300 | |a 399tr. |b ảnh |c 14cm | ||
| 500 | |a ĐTTS ghi: Bộ Giáo dục và Đào tạo. Dự án Đào tạo giáo viên THCS | ||
| 520 | |a Giới thiệu lịch sử các cuộc cách mạng tư sản từ giữa thế kỷ 16 đến cuối thế kỷ 18; phong trào công nhân thế giới từ thế kỷ 19 đến đầu thế kỷ 20 và lịch sử các nước phương Tây, các nước Á, Phi, Mĩ La Tinh thời cận đại; mối quan hệ quốc tế và chiến tranh thế giới thứ nhất (1914-1918) | ||
| 650 | 7 | |2 Bộ TKTVQG |a Lịch sử cận đại | |
| 651 | 7 | |2 Bộ TKTVQG |a Thế giới | |
| 655 | 7 | |2 Bộ TKTVQG |a Giáo trình | |
| 700 | 1 | |a Đào Tuấn Thành | |
| 700 | 1 | |a Phan Ngọc Liên |e ch.b. | |
| 700 | 1 | |a Phạm Thu Nga | |
| 700 | 1 | |a Đoàn Trung | |
| OWN | |a LSP | ||
| 999 | |a From the UDN01 | ||
| TYP | |a Monograph | ||
| TYP | |a Printed language | ||
| 980 | |a Mạng thư viện Đại học Đà Nẵng | ||